000 00600cam a22001934a 4500
005 20250605164130.0
008 250528s ||||||||||||||||||||||||d
035 _a18593
040 _aGR-AtMCL
_bgre
_dGR-AtMCL
_eAACR2
245 1 _aBasic First Aid / Book 3
250 _a1st
260 _bDoubleday And Company, Inc,
_c1971
300 _a284
520 _aHead Injuries, Bleeding you Cannot See, Heart Attack Etc., Infection and Illness, Snake Bite, Animal Bites, Insect Bites.
710 2 _aThe American National Red Cross
_99757
942 _cBK
999 _c3942
_d3942